Dengan semangat komunis jang tinggi sukseskan plan 4 tahun, (Record no. 69152)
[ view plain ]
| 000 -LEADER | |
|---|---|
| fixed length control field | 00557cam a22002051 4500 |
| 001 - CONTROL NUMBER | |
| control field | sa 66003887 |
| 003 - CONTROL NUMBER IDENTIFIER | |
| control field | DLC |
| 005 - DATE AND TIME OF LATEST TRANSACTION | |
| control field | 20260227112239.0 |
| 008 - FIXED-LENGTH DATA ELEMENTS--GENERAL INFORMATION | |
| fixed length control field | 890317s1964 io 000 0 dut |
| 010 ## - LIBRARY OF CONGRESS CONTROL NUMBER | |
| LC control number | sa 66003887 |
| 035 ## - SYSTEM CONTROL NUMBER | |
| System control number | (OCoLC)23412579 |
| 040 ## - CATALOGING SOURCE | |
| Original cataloging agency | DLC |
| Transcribing agency | MiU |
| Modifying agency | DLC |
| 042 ## - AUTHENTICATION CODE | |
| Authentication code | premarc |
| 050 00 - LIBRARY OF CONGRESS CALL NUMBER | |
| Classification number | JQ779.A55 |
| Item number | S85 |
| 100 1# - MAIN ENTRY--PERSONAL NAME | |
| Personal name | Sudjono, Djoko. |
| 245 10 - TITLE STATEMENT | |
| Title | Dengan semangat komunis jang tinggi sukseskan plan 4 tahun, |
| 260 ## - PUBLICATION, DISTRIBUTION, ETC. | |
| Place of publication, distribution, etc. | Djakarta, |
| Name of publisher, distributor, etc. | Jajasan Pembaruan, |
| Date of publication, distribution, etc. | 1964. |
| 300 ## - PHYSICAL DESCRIPTION | |
| Extent | 25 p. |
| Dimensions | 14 cm. |
| 610 20 - SUBJECT ADDED ENTRY--CORPORATE NAME | |
| Corporate name or jurisdiction name as entry element | Partai Komunis Indonesia. |
No items available.